| 000 | 00000nam##2200000za#4500 |
| 001 | 9.678246 |
| 003 | CaOODSP |
| 005 | 20250506145324 |
| 007 | ta |
| 008 | 150407|1991||||xxc||||| f|0| 0 fre|d |
| 020 | |a0-662-96692-9 |
| 040 | |aCaOODSP|bfre |
| 043 | |an-cn--- |
| 086 | 1 |aA53-1866/1991F |
| 110 | 1 |aCanada.|bAgriculture Canada. |
| 245 | 10|aArboriculture fruitière dans les provinces des Prairies / |cpar Campbell G. Davidson et al. |
| 260 | |aOttawa - Ontario : |bAgriculture Canada |c1991. |
| 300 | |a49p. : |bfigures, ill. ; |c23 cm. |
| 500 | |aSommaire: Facteurs dont dépendent le succès de la plantation fruitière.--Choix des cultivars.--Établissement des arbres.--Conduite du verger.--Lutte contre les parasites et les maladies.--Documentation complémentaire. Cette publication remplace la publication d'Agriculture Canada n° 1672/F, Fruits de verger pour les provinces des Prairies. |
| 563 | |aCouverture souple |
| 590 | |a92-03|b1992-01-17 |
| 720 | 1 |aDavidson, Campbell G. |
| 775 | 08|tTree fruit production for the Prairies Provinces / |w(CaOODSP)9.644401 |
| 776 | 0#|tArboriculture fruitière dans les provinces des Prairies / |w(CaOODSP)9.641051 |
| 986 | |aPublication 1866/F |